000 00453nam a2200181Ia 4500
001 25056
005 20260414151124.0
008 260414t2013||||xx |||||||||||||| ||spa||
041 _aESP
082 _a346.13
_bH87
100 _aHuerta Ayala, Oscar
_eAUT
245 0 _aLa problemática de la buena fe del tercero registral
_b
260 _c2013
300 _a198 páginas :
_c24 cm.
650 _aDER
654 _aCDE
942 _cLIB
_dJUS
_fJUS
_2ddc
_n
999 _c25056
_d25056